Statistics for Marine Mammals Quiz

Click here to take the quiz!

General Stats

  • This quiz has been taken 11 times
  • The average score is 4 of 5

Answer Stats

Answer% Correct
Dolphin
100%
Seal
100%
Walrus
100%
Orca
80%
Beluga Whale
60%

Score Distribution

Percentile by Number Answered

Percent of People with Each Score

Your Score History

You have not taken this quiz